KOHA-Header-6

The Power of Ultimate Six Sigma (Record no. 9965)

000 -LEADER
fixed length control field 00261nam a2200109Ia 4500
100 ## - MAIN ENTRY--AUTHOR NAME
Personal name Keki R. Bhote
245 #4 - TITLE STATEMENT
Title The Power of Ultimate Six Sigma
260 ## - PUBLICATION, DISTRIBUTION, ETC. (IMPRINT)
Place of publication India
Name of publisher Dorling
Year of publication 2008
300 ## - PHYSICAL DESCRIPTION
Number of Pages 550
942 ## - ADDED ENTRY ELEMENTS (KOHA)
Koha item type Books
Holdings
Withdrawn status Lost status Collection code Permanent Location Current Location Shelving location Date acquired Full call number Accession Number Koha item type
    Management MAJU MAJU   2019-09-14 005.2 6024 Management

Powered by Koha